Central Library OPAC University of Rajshahi

Gymnosperms: (Record no. 13986)

MARC details
000 -LEADER
fixed length control field 00736cam a22002411 4500
001 - CONTROL NUMBER
control field 13986
003 - CONTROL NUMBER IDENTIFIER
rucl marc code BD-RjUL
005 - DATE AND TIME OF LATEST TRANSACTION
control field 20211208235542.0
008 - FIXED-LENGTH DATA ELEMENTS--GENERAL INFORMATION
fixed length control field 140203s19981986ii a b 000 0 eng
035 ## - SYSTEM CONTROL NUMBER
System control number (BD-RjUL)14038
040 ## - CATALOGING SOURCE
Original cataloging agency DLC
Transcribing agency DLC
Modifying agency ICU
-- DLC
Language of cataloging eng
041 ## - LANGUAGE CODE
Language code of text/sound track or separate title eng
082 00 - DEWEY DECIMAL CLASSIFICATION NUMBER
Classification number 585
Author mark and year CHG 1998
100 1# - MAIN ENTRY--PERSONAL NAME
Personal name Chamberlain, Charles Joseph
Dates associated with a name 1863-
9 (RLIN) 43722
245 10 - TITLE STATEMENT
Title Gymnosperms:
Remainder of title structure and evolution /
Statement of responsibility, etc. by Charles Joseph Chamberlain
250 ## - EDITION STATEMENT
Edition statement Indian Reprint ed.
260 ## - PUBLICATION, DISTRIBUTION, ETC. (IMPRINT)
Place of publication, distribution, etc. New delhi :
Name of publisher, distributor, etc. CBS Publishers & Distributers
Date of publication, distribution, etc. 1986 [Reprint 1998]
300 ## - PHYSICAL DESCRIPTION
Pagination xi, 484 p. :
Illustrations ill. ;
Size 22 cm.
504 ## - BIBLIOGRAPHY, ETC. NOTE
Bibliography, etc Bibliography: p. 446-480.
650 #0 - SUBJECT ADDED ENTRY--TOPICAL TERM
Topical term or geographic name as entry element Gymnosperms.
9 (RLIN) 39430
942 ## - ADDED ENTRY ELEMENTS (KOHA)
Source of classification or shelving scheme Dewey Decimal Classification
Koha item type Books
Holdings
Lost status Source of classification or shelving scheme Damaged status Not for loan Collection code Permanent Location Current Location Shelving location Date acquired Total Checkouts Full call number Date last seen Copy number Koha item type
  Dewey Decimal Classification     Non-fiction Central Library, University of Rajshahi Central Library, University of Rajshahi   03/02/2014   585 CHG 1998 03/02/2014 C-1 Books